Hartlöten Regeln für Konstruktion und Fertigung /

Gespeichert in:
Bibliographische Detailangaben
1. Verfasser: Zimmermann, Karl-Friedrich (Verfasst von)
Format: Buch
Sprache:Deutsch
Veröffentlicht: Düsseldorf : DVS, 1968
Schlagworte:
Tags: Tag hinzufügen
Keine Tags, Fügen Sie das erste Tag hinzu!

MARC

LEADER 00000nam a22000003a 4500
001 stu44652
005 20150617225718.8
008 950517s1968----gw------------------ger-d
040 |a STU  |b slo 
041 0 |a ger 
044 |a gw 
080 |a 621.791.36 
100 1 |a Zimmermann, Karl-Friedrich  |4 aut 
245 1 |a Hartlöten Regeln für Konstruktion und Fertigung /  |c [aut.]FRIKarl-Friedrich Zimmermann 
260 |a Düsseldorf :  |b DVS,  |c 1968 
300 |a 51 s 
650 7 |a spájkovanie tvrdé  |2 stusub 
996 |b 284M025912  |c M*9186-1  |l MMKN  |s A  |a 24  |w stu44652_0001